1013 1044 1573 1057 1797 1966 1801 1411 1115 1287 1724 1344 1562 1266 1107 1584 1516 1458 1292 1542 1424 1684 1690 1539 1578 1901 1034 1018 1680 1958 1835 1909 1170 1439 1882 1551 1488 1530 1330 1984 1895 1209 1130 1525 1511 1598 1023 1697 1873 1656 1117 1059 1442 1784 1658 1679 1652 1481 1115 1593 1488 1974 1697 1705 1807 1323 1568 1530 1973 1781 1080 1182 1348 1515 1669 1091 1299 1669 1736 1565 1735 1467 1271 1313 1310 1874 1554 1122 1719 1367 1747 1545 1523 1041 1588 1801 1496 1626 1264 BCNSPRNW ULIB Ver.6.0+V

เปลี่ยนเป็นภาษาไทย

Change to English
 แสดงรายละเอียดบรรณานุกรม
  กลับหน้าหลัก

Brief Record : Get Marc (ISO 2709) : E-mail record : QR code < ปิดหน้าต่าง
LEADER : 00000nam 2200000uu 4500
001    13399122590
003     ULIB
008    130808s2551||||th 000 0 tha d
020    ^a97897495576518
060  4 ^aW13^bว585พ
100 0  ^aวิทย์ เที่ยงบูรณธรรม
245 10 ^aพจนานุกรมวิทยาศาสตร์การแพทย์ =^bMedical sciences Dictionary/^cวิทย์ เที่ยงบูรณธรรม
246 31 ^aMedical sciences Dictionary
250    พิมพ์ครั้งที่39
260    ^aกรุงเทพฯ :^bรวมสาส์น,^c2551
300    ^a1288 หน้า
650  7 ^aศัพท์วิทยาศาสตร์การแพทย์
650  7 ^aวิทยาศาสตร์แพทย์^xพจนานุกรม
945    ^p290^l0^i20035
945    ^p290^l0^i20036
995    ^aทศพร
999    ^aทศพร เกษรทอง
รายการนี้ยังไม่มีแท็ก
คุณยังไม่ได้ล็อกอิน คุณสามารถมีกิจกรรมร่วมกับเว็บไซต์ได้ แต่ต้องล็อกอินก่อน ::
  ล็อกอิน

รายการสื่อสารสนเทศ

ลำดับที่ ประเภท เลขเรียก/บาร์โค้ด สถานที่ สถานะ
1. วิทยาศาสตร์การแพทย์ และสุขภาพ
วิทยาศาสตร์การแพทย์ และสุขภาพ
W13 ว585พ ฉ.1 
  Barcode: 20035
ห้องสมุดวิทยาเขตสวรรค์ประชารักษ์
►หนังสือทั่วไป
บนชั้น
2. วิทยาศาสตร์การแพทย์ และสุขภาพ
วิทยาศาสตร์การแพทย์ และสุขภาพ
W13 ว585พ ฉ.2 
  Barcode: 20036
ห้องสมุดวิทยาเขตสวรรค์ประชารักษ์
►หนังสือทั่วไป
บนชั้น

รายการใกล้เคียง
    ผู้แต่ง [วิทย์ เที่ยงบูรณธรรม]

    หัวเรื่อง [ศัพท์วิทยาศาสตร์การแพทย์]

BibComment


ยังไม่เคยถูกคอมเมนท์

คอมเมนท์ทรัพยากรรายการนี้
  คอมเมนท์: พจนานุกรมวิทยาศา..


 Copyright 2026. Bcnsprnw @Library